000 00393nam a22001577a 4500
003 MPLRDC
005 20220104114513.0
008 210129b ||||| |||| 00| 0 eng d
082 _a539.8 JMWW
100 _a将门文物出版有限公司编辑部
245 _a笑话连篇
_c
260 _a
_b将门文物出版有限公司
_c1990
300 _b
650 _a
942 _cBK
_o539.8 JMWW
999 _c7978
_d7968